Электронные и микроэлектронные приборы
Рассмотрены полупроводниковые материалы, применяемые в микроэлектронике, виды электрических переходов, структуры полупроводниковых диодов, биполярных и полевых транзисторов и параметры этих приборов. Предназначено для студентов, обучающихся по направлению 11.03.01 «Радиотехника», специальностям 11.0...
محفوظ في:
| المؤلف الرئيسي: | |
|---|---|
| مؤلفون آخرون: | , , |
| التنسيق: | Книга |
| اللغة: | Russian |
| منشور في: |
Санкт-Петербург
БГТУ "Военмех" им. Д.Ф. Устинова
2021
|
| الوصول للمادة أونلاين: | https://e.lanbook.com/book/220175 https://e.lanbook.com/img/cover/book/220175.jpg |
| الوسوم: |
إضافة وسم
لا توجد وسوم, كن أول من يضع وسما على هذه التسجيلة!
|
| LEADER | 02032nam0a2200277 i 4500 | ||
|---|---|---|---|
| 001 | 220175 | ||
| 003 | RuSpLAN | ||
| 005 | 20221220174152.0 | ||
| 008 | 221220s2021 ru gs 000 0 rus | ||
| 040 | |a RuSpLAN | ||
| 041 | 0 | |a rus | |
| 044 | |a ru | ||
| 080 | |a 621.382.2/.3(075.8) | ||
| 245 | 0 | 0 | |a Электронные и микроэлектронные приборы |c Флеров А. Н.,Страхов С. Ю.,Флерова А. А.,Сотникова Н. В. |
| 260 | |a Санкт-Петербург |b БГТУ "Военмех" им. Д.Ф. Устинова |c 2021 | ||
| 300 | |a 36 с. | ||
| 504 | |a Библиогр.: доступна в карточке книги, на сайте ЭБС Лань | ||
| 520 | 8 | |a Рассмотрены полупроводниковые материалы, применяемые в микроэлектронике, виды электрических переходов, структуры полупроводниковых диодов, биполярных и полевых транзисторов и параметры этих приборов. Предназначено для студентов, обучающихся по направлению 11.03.01 «Радиотехника», специальностям 11.05.01 «Радиоэлектронные системы и комплексы», 11.05.02 «Специальные радиотехнические системы», а также будет полезно студентам других технических специальностей. | |
| 521 | 8 | |a Книга из коллекции БГТУ "Военмех" им. Д.Ф. Устинова - Инженерно-технические науки | |
| 100 | 1 | |a Флеров А. Н. | |
| 700 | 1 | |a Страхов С. Ю. | |
| 700 | 1 | |a Флерова А. А. | |
| 700 | 1 | |a Сотникова Н. В. | |
| 856 | 4 | |u https://e.lanbook.com/book/220175 | |
| 856 | 4 | 8 | |u https://e.lanbook.com/img/cover/book/220175.jpg |
| 953 | |a https://e.lanbook.com/img/cover/book/220175.jpg | ||